00530nam a2200181Ia 4500001001000000003000500010008004100015010001100056040000900067082001800076100002500094245010500119260002700224300001100251650002800262650004200290700001600332Para_1660CHAP220125s1992 xx 000 0 und d a204562 cCHAP aPA 635.923 D3 aDaughtey, Margery L. aBall field guide :b Tidiseases of greenhouse omomentals /c by Margery L. Daughtey and A.R. Chose aBatoria, IM. :b Ball a218 p. aCultivos en invernadero aPlantas ornamentales x enfermedades  aChose, A.R.